000
00340nam a2200157Ia 4500
100
_a
Tomasi/Wayne
250
_a
6
942
_c
RB
654
_a
communication
245
_a
Advanced electronic communication system
260
_b
Pearson Education
_c
2004
082
_a
621.382
_b
TOM
300
_a
654
546
_a
ENGLISH
999
_c
32657
_d
32657